Look After You - The Fray - All Lyrics - Statistics

General Stats
  • This quiz has been taken 104 times
  • The average score is 183 of 231
Answer Stats
Answer % Correct
I
98%
a
95%
after
95%
After
95%
look
95%
Oh,
93%
oh,
93%
oh
93%
you
93%
you,
93%
I’ll
92%
I'll
92%
My
88%
my
88%
the
88%
be
87%
I'm
85%
to
85%
When
85%
who
85%
and
83%
And
83%
baby
83%
don't
82%
If
82%
one
82%
this
82%
This
82%
but
78%
But
78%
now,
78%
always
77%
it
77%
say
77%
will
77%
Will
77%
your
77%
is
75%
know?
73%
down
72%
go
72%
You’re
72%
up
70%
love,
68%
only
68%
take
68%
It's
67%
losing
67%
break
65%
heart
65%
home,
65%
like
65%
wait
65%
what’s
65%
What’s
65%
around
63%
hurry
63%
knows,
63%
mine
63%
so
63%
As
62%
control,
62%
feel
62%
surely
62%
yours
62%
come
60%
leave
60%
me
60%
never
60%
separate
60%
There
60%
there
60%
urgency,
60%
wanna
60%
slow
58%
spins
58%
city
57%
make
57%
or
57%
own
57%
yeah
57%
ever
53%
has
53%
You’ve
53%
leaving
52%
was
52%
won't
52%
begun
50%
started
48%
have
45%
few
43%
she
43%
She
43%
hold
40%
into
40%
most
40%
Forgive
38%
says
38%
steady
35%
assuredly
33%
counts
33%
leans
32%
doubt
30%
No matching quizzes found
Score Distribution
Percent of People with Each Score
Percentile by Number Answered
Your Score History
You have not taken this quiz